000 02575nam a2200385 a 4500
001 10302651
003 CaAEU
006 m o d
007 cr cn|||||||||
008 230710s2023 enk o 001 0 eng
020 _a9781350200395
024 7 _a10.5040/9781350200425
_2doi
035 _aon1390967993
039 _aexclude
040 _aUkLoBP
_beng
_erda
_cUkLoBP
_dAEU
041 _aEnglsih
100 _aFink, Eugen,
_eauthor.
_925660
245 0 0 _aFashion: Seductive Play
_n/ Eugen Fink
_cedited by Stefano Marino and Giovanni Matteucci.
250 _aFirst edition
264 1 _aLondon :
_bBloomsbury Visual Arts,
_c2023.
300 _a160 pages
505 _aThe Magical Powers of Fashion — The Social Phenomenon of Fashion — Fashion – The Wish to Be Always Different — Appeal and Performance of Fashion — Fashion Has Many Faces — Leadership or Seduction in Fashion — Is Fashion Existentially Justified?
520 _aIn Germany, 1969, Eugen Fink's Fashion: Seductive Play was published. This first English language edition, updated with an introduction by Stefano Marino and Giovanni Matteucci, makes available Fink's philosophical investigation into fashion to an English-speaking audience. One of the greatest figures in the "phenomenological movement," Fink here investigates fashion at various philosophical levels - aesthetic, ethical, social - and in relationship to other forms of human culture, especially contemporary culture. Although there have been many transformations and changes in the world of fashion since the late 1960s, from prêt-à-porter to fast fashion, fashion's connection to both high culture and popular culture, and the new relationship between fashion and the advent of social media, Fink's insights allow wide-ranging and far-reaching inquiries into fashion's philosophical essence. Fink's extraordinary lucidity and his unique conceptual capacities have made his work crucial to the study of the philosophy of fashion today. His work, like that of Simmel's, Veblen's or Benjamin's, is as essential and important now as when it was first published.
600 0 _aFink, Eugen,
_925660
650 0 _aFashion
_91004
650 0 _aPhenomenology
_925661
650 0 _aPhilosophy of fashion
_925662
650 0 _a Social identity
_99508
650 0 _aAesthetics
_97380
700 _aMarino, Stefano,
_eeditor.
_925663
700 _aMatteucci, Giovanni,
_eeditor.
_925664
700 _aMoore, Ian Alexander,
_etranslator.
_925665
700 _aTurner, Christopher,
_etranslator.
_925666
942 _2lcc
999 _c4823
_d4823